| 000 | 00604nam a22002177a 4500 | ||
|---|---|---|---|
| 999 |
_c7523 _d7523 |
||
| 003 | OSt | ||
| 005 | 20211124095435.0 | ||
| 008 | 211124b ||||| |||| 00| 0 eng d | ||
| 020 | _a8177582291 | ||
| 040 | _cDDC | ||
| 082 | _a332.6 RAN 2007 | ||
| 100 |
_aRanganatham, M. _915394 |
||
| 245 | _aInvestment Analysis and Portfolio Management. | ||
| 260 |
_aIndia: _bPearson; _c 2007 |
||
| 300 |
_a526p.: _bill; _c24cm. |
||
| 504 | _aReferences and Index Included. | ||
| 650 |
_aInvestments _97657 |
||
| 650 |
_aInvestment analysis _915395 |
||
| 650 |
_aPortfolio management _915396 |
||
| 942 |
_2ddc _cBOOK |
||